[Event "86th BRA-ch 2019"]
[Site "Natal"]
[Date "2020.01.16"]
[Round "3.7"]
[White "Supi, Luis Paulo"]
[Black "Fier, Alexandr"]
[Result "0-1"]
[WhiteElo "2577"]
[BlackElo "2528"]
[Annotator "TA"]
[PlyCount "168"]
[EventDate "2020.01.05"]
[EventType "k.o."]
[EventCountry "BRA"]
[SourceTitle "playchess.com"]
[Source "ChessBase"]
[SourceQuality "1"]

{[%evp 13,168,19,19,15,22,14,22,21,33,36,54,35,33,39,37,36,56,45,69,69,69,69,69,69,69,69,69,69,69,52,68,20,32,7,15,15,24,26,88,95,101,109,112,83,146,154,269,98,93,74,236,107,136,137,134,129,130,137,114,52,39,8,8,0,8,4,6,0,8,8,41,0,0,0,8,0,7,0,6,0,5,0,8,0,41,-14,-14,-10,0,0,30,29,69,69,71,8,8,0,8,0,0,0,35,55,145,146,273,188,177,188,188,188,178,124,124,-16,582,582,575,575,568,568,568,560,560,560,546,546,524,0,539,0,524,517,510,510,510,495,473,406,473,412,404,72,72,72,72,-14,-14,-14,-14,-18,-18,-22,-22,-29986,-29987]} 1. e4 c5 2. Nf3 Nc6 3. Bb5 Nf6 4. Nc3 g6 5. Bxc6 dxc6 6. h3 Bg7 7. d3 Qc7 8. Be3 {B31: Sicilian: 2...Nc6 3 Bb5 g6} b6 9. Qd2 e5 (9... h6 10. O-O e5 11. Nh2 Nh5 12. Ne2 Be6 13. b4 cxb4 14. Qxb4 Nf4 15. Rfe1 Bd7 {0-1 (68) Visakh,N (2509)-Adly,A (2611) Dubai 2019}) 10. Bh6 {The position is equal.} Bxh6 11. Qxh6 {And now Qg7 would win.} Qe7 12. O-O Nh5 $146 ({Predecessor:} 12... Nd7 13. Nd2 Qf8 14. Qe3 Qe7 15. f4 O-O {0-1 (65) Hall,B (2044)-Melekhina,A (2263) Los Angeles 2011}) 13. Ne2 f6 14. a4 a5 15. Nd2 Qg7 16. Qxg7 Nxg7 17. Nc4 Rb8 18. f4 exf4 $1 19. Rxf4 Ke7 20. Raf1 Rf8 21. Rh4 h5 22. Rhf4 (22. Nf4 {with more complications.} g5 23. Ng6+ Kf7 24. Nxf8 Kxf8 25. Rxf6+ Kg8 26. Rxh5 Nxh5 27. Rg6+) 22... Be6 23. b3 Bxc4 24. bxc4 Ne6 25. R4f2 b5 (25... h4 $11 {remains equal.}) 26. cxb5 cxb5 27. axb5 Rxb5 28. Nc3 Rb2 (28... Rb7 $142) 29. Nd5+ $16 Kd8 (29... Kd6 $16 {was called for.}) 30. Rxf6 $2 (30. Ra1 $1 $18) 30... Rxf6 31. Rxf6 $18 {[%mdl 4096] Endgame KRN-KRN} Nd4 $2 {[#]} (31... Kd7 $16) 32. Rxg6 (32. e5 $1 $18 {and the rest is easy.}) 32... Rxc2 33. Ra6 Ne2+ 34. Kf1 Ng3+ 35. Ke1 c4 36. dxc4 (36. Ra8+ $16 Kd7 37. Nb6+ {[%mdl 64] Double Attack} (37. Rxa5 cxd3 38. Nf4 Nxe4 $14) 37... Ke7 38. Ra7+ (38. dxc4 Rxg2 39. Rxa5 Ke6 $14) (38. Rxa5 cxd3 39. Nd5+ Kf7 $11) 38... Kf8 39. Nxc4) 36... Nxe4 $14 37. Ne3 Ra2 38. Re6 Nc5 39. Rd6+ Kc7 40. Rd5 (40. Rh6 {looks sharper.} a4 41. Kd1 Ne4 42. Nc2 Nc3+ 43. Kd2) 40... Kc6 41. Rxh5 {Threatening Kd1.} a4 42. Rh6+ Kb7 43. Rh7+ Kc6 44. Rh6+ Kb7 45. Rh7+ Kc6 46. Rh6+ Kb7 47. Rh7+ Kc6 48. Ra7 a3 49. g4 (49. Kd1 $14 Kb6 50. Ra8) 49... Kb6 $11 50. Ra8 Kb7 51. Ra5 Nd3+ (51... Kb6 $5 {[%cal Rb6a5]} 52. Ra8 Na6 $11) 52. Kd1 {aiming for Nc2.} Kb6 53. Rb5+ Kc6 {[#]} 54. Rb3 (54. Nc2 $1 $16 {Rb3 is the strong threat.} Nb2+ 55. Kc1 Nxc4 56. Rb8 (56. Nd4+ Kd6 $11)) 54... Nc5 55. Rb8 {Hoping for Rc8+.} Rh2 56. Ra8 a2 57. Nc2 Nd3 58. Rxa2 Rh1+ ({Black should play} 58... Rxh3 $14 59. g5 Ne5) 59. Kd2 $16 Nc5 (59... Ne5 $16 {might work better.}) 60. Ra3 Rh2+ 61. Kc1 Ne4 62. Re3 Nd6 63. Rg3 (63. Na3 $18) 63... Nxc4 {intending ...Rh1+.} 64. g5 ({Better is} 64. Nd4+ $16 Kd5 65. Nf3 Rh1+ 66. Ng1) 64... Ne5 $2 {[%mdl 8192]} (64... Rh1+ $11 65. Ne1 Rxe1+ 66. Kc2 Re8) 65. g6 $18 Nxg6 66. Rxg6+ {KRN-KR} Kd5 67. Rg3 Ke4 68. Rc3 Kf4 69. Nd4 Ke4 70. Ne6 Kf5 71. Nd4+ Ke4 72. Nc2 Kf4 $1 73. Ne1 Ke4 74. Kd1 Ra2 75. Rc2 Ra3 76. Re2+ Kf5 77. Rf2+ Kg6 78. Rg2+ $2 (78. Rf3 $18 {is more deadly.} Ra4 79. Nc2) 78... Kh5 $16 79. Rh2 {Threatens to win with Ng2.} Kh4 80. Ng2+ (80. Rf2 $16) 80... Kg3 $11 81. Rh1 Ra1+ 82. Kd2 Rxh1 83. Ne3 Rxh3 84. Kd3 $2 {[%mdl 8192]} (84. Nd5 $11) 84... Kf4 {Accuracy: White = 32%, Black = 41%.} 0-1

[Event "86th BRA-ch 2019"]
[Site "Natal"]
[Date "2020.01.16"]
[Round "4.1"]
[White "Fier, Alexandr"]
[Black "Diamant, Andre"]
[Result "1/2-1/2"]
[WhiteElo "2528"]
[BlackElo "2547"]
[Annotator "TA"]
[PlyCount "109"]
[EventDate "2020.01.05"]
[EventType "k.o."]
[EventCountry "BRA"]
[SourceTitle "playchess.com"]
[Source "ChessBase"]
[SourceQuality "1"]

{[%evp 15,109,39,44,41,45,47,54,52,49,25,25,32,31,27,42,45,43,50,45,42,43,42,43,37,38,34,35,35,37,21,33,12,11,12,15,8,52,17,55,33,26,0,25,13,13,0,10,0,0,0,0,0,0,-8,0,0,-19,-13,0,0,0,0,0,0,0,0,0,0,0,0,0,0,0,0,0,0,0,0,0,-8,11,11,11,11,11,11,11,11,11,11,11,0,0,0,0,0]} 1. e4 c5 2. Nf3 Nc6 3. d4 cxd4 4. Nxd4 Nf6 5. Nc3 g6 6. Nxc6 dxc6 7. Qxd8+ Kxd8 8. Bc4 Ke8 9. e5 {B34: Sicilian: Accelerated Dragon with 5 Nc3: sidelines} (9. Bf4 Nd7 10. e5 Bg7 11. e6 fxe6 12. Bxe6 Rf8 13. Bd2 Nc5 14. Bxc8 Rxc8 15. f3 Rd8 16. O-O-O Bxc3 17. Bxc3 Rxd1+ 18. Rxd1 {½-½ (46) Leko,P (2708)-Ivanchuk,V (2720) Reykjavik 2015}) 9... Nd7 10. e6 fxe6 11. Bxe6 {White is slightly better.} Bg7 12. Bd2 Nc5 13. Bxc8 Rxc8 14. O-O-O Kf7 $146 ({Predecessor:} 14... Ne6 15. Rhe1 Kf7 16. Re4 Bf6 {0-1 (61) Tomczak,J (2583)-Janik,I (2422) Zgierz 2018}) 15. Be3 Ne6 16. Ne4 Rhd8 17. c3 b6 18. h4 h5 19. Rxd8 (19. Kc2 {looks sharper.} Rd5 20. Rhe1 Rcd8 21. Rd2 Bf6 22. g3) 19... Rxd8 20. Kc2 Bf6 21. g3 Ng7 22. a4 Nf5 23. Re1 Nxe3+ 24. Rxe3 $11 {[%mdl 4096] Endgame KRB-KRN} Rd5 25. Re1 a5 26. b4 b5 27. axb5 ({Reject} 27. bxa5 bxa4 28. Rb1 Rxa5 $11) 27... Rxb5 28. Kb3 Rd5 29. Kc4 axb4 {The position is equal.} 30. cxb4 e5 31. Kb3 Rd3+ 32. Ka4 {With the idea Rc1.} Be7 33. Rc1 Rd4 34. Nc5 Rd2 35. Ka5 Rxf2 36. Kb6 Rf6 37. Ne4 Re6 38. Kc7 Bxb4 39. Ng5+ {[%mdl 64] [#] Double Attack} Ke7 40. Nxe6 Kxe6 41. Kxc6 {KR-KB} Bd2 42. Rd1 Be3 43. Rd8 Bd4 44. Rf8 Ke7 45. Rf1 Ke6 46. Kb5 {And now Kc4 would win.} Kd5 {[#] White must now prevent ...e4.} 47. Rf8 e4 {aiming for ...e3.} 48. Rd8+ Ke5 49. Kc4 {White wants to mate with Rd5+.} Bg1 50. Re8+ Kf5 51. Kd5 e3 52. Re4 {[%csl Gg3][%cal Re4f4]} Kf6 53. Rf4+ Kg7 54. Re4 {Ke5 is the strong threat.} Bf2 55. Kc4 {Accuracy: White = 46%, Black = 72%.} 1/2-1/2

[Event "86th BRA-ch 2019"]
[Site "Natal"]
[Date "2020.01.17"]
[Round "4.2"]
[White "Diamant, Andre"]
[Black "Fier, Alexandr"]
[Result "1/2-1/2"]
[WhiteElo "2547"]
[BlackElo "2528"]
[Annotator "ChessBase"]
[PlyCount "71"]
[EventDate "2020.01.05"]
[EventType "k.o."]
[EventCountry "BRA"]
[SourceTitle "playchess.com"]
[Source "ChessBase"]
[SourceQuality "1"]

1. e4 c5 2. Nf3 Nc6 3. Bb5 g6 4. O-O Bg7 5. Re1 e5 6. Bxc6 dxc6 7. d3 Qc7 8. h3 Nf6 9. Be3 b6 10. Qd2 Nh5 11. Nc3 h6 12. a3 g5 13. b4 cxb4 14. axb4 Nf4 15. d4 Ng6 16. b5 O-O 17. bxc6 Qxc6 18. Nd5 f6 19. Ra3 Rf7 20. Rea1 f5 21. Nxe5 Nxe5 22. dxe5 Bxe5 23. Bd4 Bxd4 24. Qxd4 Bb7 25. Rxa7 Rxa7 26. Rxa7 fxe4 27. c4 b5 28. Qxe4 bxc4 29. Rxb7 Qxb7 30. Qg6+ Kf8 31. Qxh6+ Ke8 32. Qxg5 Qb1+ 33. Kh2 Qb8+ 34. g3 Rxf2+ 35. Kg1 Qa7 36. Qe3+ 1/2-1/2

[Event "86th BRA-ch 2019"]
[Site "Natal"]
[Date "2020.01.18"]
[Round "4.3"]
[White "Fier, Alexandr"]
[Black "Diamant, Andre"]
[Result "1-0"]
[WhiteElo "2528"]
[BlackElo "2547"]
[Annotator "TA"]
[PlyCount "87"]
[EventDate "2020.01.05"]
[EventType "k.o."]
[EventCountry "BRA"]
[SourceTitle "playchess.com"]
[Source "ChessBase"]
[SourceQuality "1"]

{[%evp 11,87,20,23,18,22,26,38,38,37,34,34,21,53,39,39,54,52,25,57,56,93,80,95,105,95,100,104,99,92,93,129,136,149,140,107,103,366,366,352,344,341,351,377,361,451,314,372,404,400,310,312,313,318,318,316,310,318,318,317,316,316,316,316,316,308,310,354,340,594,591,29992,29993,29993,29994,29994,29991,29995,29996]} 1. c4 e6 2. Nf3 d5 3. d4 Nf6 4. Nc3 c5 5. e3 a6 6. cxd5 exd5 7. g3 {D40: Queen's Gambit Declined: Semi-Tarrasch with 5 e3} (7. Be2 Nc6 8. O-O cxd4 9. Nxd4 Bd6 10. b3 O-O 11. Bb2 Re8 12. Rc1 Bc7 13. Nxc6 bxc6 14. Ba3 h5 15. Bf3 Ng4 16. g3 Bf5 17. Ne2 Ne5 18. Bg2 h4 19. Nd4 Bd7 {1-0 (38) Cori,J (2686)-Vidit,S (2703) Biel 2019}) 7... Nc6 8. Bg2 Bd6 $146 ({Predecessor:} 8... Be7 9. O-O O-O 10. dxc5 {1-0 (50) Ladva,O (2500)-Arnaudov,P (2452) Porto Carras 2018}) 9. dxc5 {White is slightly better.} Bxc5 10. O-O O-O 11. b3 d4 12. Na4 Ba7 13. exd4 Nxd4 14. Bb2 {[%cal Rb2d4]} Nc6 15. Ne5 Nd4 16. Rc1 $36 {[%mdl 2048] Keeping Black busy.} Re8 17. Nc5 Rxe5 18. Qxd4 (18. Bxd4 $6 Bg4 $11) 18... Qxd4 19. Bxd4 Re2 20. Rfd1 Bg4 21. h3 ({Don't do} 21. Bxb7 Rb8 $14) (21. Nxb7 Bxd4 22. Rxd4 Rxa2 $14) 21... Bh5 22. Bxb7 Rb8 23. g4 Bxg4 $2 {[%mdl 8192] [#]} (23... Bxc5 $16 24. Rxc5 (24. Bxc5 Bxg4 25. hxg4 Rxb7 $14) 24... Bxg4) 24. hxg4 $18 Bxc5 25. Bf3 ({Not} 25. Rxc5 Rxb7 26. g5 Ne8 $16) (25. Bxa6 Rxa2 26. Rxc5 Rxa6 $14) 25... Bxd4 26. Bxe2 Bb6 27. Kg2 a5 28. Kf3 h5 29. gxh5 Nxh5 30. Ba6 g5 31. Rc8+ Rxc8 32. Bxc8 {[%mdl 4096] Endgame KRB-KBN} Nf4 33. Rd6 Bc5 34. Ra6 Bb4 35. Bf5 Kg7 36. Kg4 f6 37. Ra7+ Kf8 38. Be4 Ne2 39. Kf5 Nc3 $2 {[#]} (39... Bc3 {is a better defense.} 40. Rc7 Bd4) 40. Bc6 Nxa2 41. Kxf6 {[%cal Ra7a8] White mates.} Bc3+ 42. Kg6 Nb4 43. Rf7+ Kg8 44. Re7 {Accuracy: White = 90%, Black = 37%.} 1-0

[Event "86th BRA-ch 2019"]
[Site "Natal"]
[Date "2020.01.19"]
[Round "4.4"]
[White "Diamant, Andre"]
[Black "Fier, Alexandr"]
[Result "0-1"]
[WhiteElo "2547"]
[BlackElo "2528"]
[Annotator "ChessBase"]
[PlyCount "48"]
[EventDate "2020.01.05"]
[EventType "k.o."]
[EventCountry "BRA"]
[SourceTitle "playchess.com"]
[Source "ChessBase"]
[SourceQuality "1"]

1. e4 c5 2. Nf3 e6 3. g3 d5 4. exd5 exd5 5. d4 Nc6 6. Bg2 Nf6 7. O-O Be7 8. Nc3 O-O 9. h3 Ne4 10. Ne2 Be6 11. Be3 c4 12. Nf4 Bd6 13. Re1 Qd7 14. Nxe6 fxe6 15. Ne5 Bxe5 16. dxe5 Qf7 17. Bxe4 dxe4 18. Bc5 Rfd8 19. Qe2 Nxe5 20. Red1 Rd5 21. Bd6 Qf3 22. Qe1 Qxd1 23. Qxd1 Rxd1+ 24. Rxd1 Rd8 0-1